Gaming Quiz

Random Gaming Quiz

Sentinels of the Multiverse - Tempest Quiz Stats

 Plays Quiz not verified by Sporcle

Challenge
Share
Tweet
Embed
Score 0/16 Timer 10:00
0 Plays Today
Type Card % Correct
One-ShotChain Lightning
84.8%
Equipment, LimitedGene-Bound Shackles
78.8%
Ongoing, LimitedShielding Winds
78.8%
One-ShotBall Lightning
75.8%
OngoingCleansing Downpour
69.7%
One-ShotInto the Stratosphere
66.7%
One-ShotAquatic Correspondence
63.6%
One-ShotLightning Slash
63.6%
Type Card % Correct
Ongoing, LimitedElectrical Storm
60.6%
One-ShotFlash Flood
60.6%
OngoingLocalised Hurricane
51.5%
One-ShotReclaim from the Deep
51.5%
Ongoing, LimitedOtherworldly Resilience
48.5%
Equipment, LimitedElemental Subwave Inducer
45.5%
OngoingGrievous Hail Storm
45.5%
Ongoing, LimitedVicious Cyclone
33.3%

You're not logged in!

Compare scores with friends on all Sporcle quizzes.
Join for Free
OR
Log In

You Might Also Like...

Show Comments

Extras

Top Quizzes Today


Score Distribution

Your Account Isn't Verified!

In order to create a playlist on Sporcle, you need to verify the email address you used during registration. Go to your Sporcle Settings to finish the process.

Report this User

Report this user for behavior that violates our Community Guidelines.

Details: